| Поле | Название | Значение |
| |
Тип записи |
a |
| |
Библиографический уровень |
m |
| 001 |
Контрольный номер |
RU\infra-m\znanium\bibl\2235900 |
| 005 |
Дата корректировки |
20260429142303.5 |
| 008 |
Кодируемые данные |
251215s2025 RU g rus u |
| 020 |
Индекс ISBN |
__ |
| a |
ISBN |
978-5-16-010692-2 |
| 020 |
Индекс ISBN |
__ |
| a |
ISBN |
978-5-16-102709-7 (электр. издание) |
| 040 |
Источник каталогиз. |
__ |
| a |
Служба первич. каталог. |
Общество с ограниченной ответственностью «ЗНАНИУМ» |
| 041 |
Код языка издания |
__ |
| a |
Код языка текста |
rus |
| 044 |
Код страны публикации |
__ |
| a |
Код страны публикации |
RU |
| 080 |
Индекс УДК |
__ |
| a |
Индекс УДК |
550(035) |
| 084 |
Индекс другой классификации/Индекс ББК |
__ |
| 2 |
Источник индекса |
rubbk |
| a |
Индекс другой классификации/Индекс ББК |
20.1я2 |
| 084 |
Индекс другой классификации/Индекс ББК |
__ |
| 2 |
Источник индекса |
okso |
| a |
Индекс другой классификации/Индекс ББК |
05.03.01 |
| 084 |
Индекс другой классификации/Индекс ББК |
__ |
| 2 |
Источник индекса |
okso |
| a |
Индекс другой классификации/Индекс ББК |
05.04.01 |
| 084 |
Индекс другой классификации/Индекс ББК |
__ |
| 2 |
Источник индекса |
okso |
| a |
Индекс другой классификации/Индекс ББК |
08.03.01 |
| 084 |
Индекс другой классификации/Индекс ББК |
__ |
| 2 |
Источник индекса |
okso |
| a |
Индекс другой классификации/Индекс ББК |
08.04.01 |
| 084 |
Индекс другой классификации/Индекс ББК |
__ |
| 2 |
Источник индекса |
okso |
| a |
Индекс другой классификации/Индекс ББК |
21.05.02 |
| 084 |
Индекс другой классификации/Индекс ББК |
__ |
| 2 |
Источник индекса |
okso |
| a |
Индекс другой классификации/Индекс ББК |
21.05.03 |
| 100 |
Автор |
__ |
| a |
Автор |
Потапов А. Д. |
| q |
Полное имя |
Потапов Александр Дмитриевич |
| u |
Дополнение |
Национальный исследовательский Московский государственный строительный университет |
| 245 |
Заглавие |
__ |
| a |
Заглавие |
Инженерно-геологический словарь |
| b |
Продолж. заглавия |
Справочная литература |
| c |
Ответственность |
Национальный исследовательский Московский государственный строительный университет |
| 250 |
Сведения об издании |
__ |
| a |
Основные сведения об издании |
1 |
| 260 |
Выходные данные |
__ |
| a |
Место издания |
Москва |
| b |
Издательство |
ООО "Научно-издательский центр ИНФРА-М" |
| c |
Дата издания |
2026 |
| 300 |
Физическое описание |
__ |
| a |
Объем |
336 с. |
| 440 |
Серия |
__ |
| a |
Серия |
Библиотека словарей ИНФРА-М |
| 520 |
Аннотация |
__ |
| a |
Аннотация |
Приведено толкование терминов используемых в геологии геоморфологии инженерной геологии инженерной сейсмологии гидрогеологии геоэкологии и при инженерных изысканиях в строительстве терминов употребительных и малоупотребительных которые зачастую вызывают затруднения у студентов и магистрантов строительных и других технических вузов при изучении природоведческих дисциплин и особенно при использовании неадаптированных материалов инженерных изысканий для разработки дипломных проектов а также других выпускных квалификационных работ. Приведенные термины широко используются в учебных дисциплинах которые преподаются на базе знаний об окружающей среде и отдельных еe особенностях. Для самостоятельной работы студентов магистрантов и аспирантов. Словарь может быть использован в качестве справочного материала для преподавателей и специалистов строительного профиля а также на курсах повышения квалификации по инженерной геологии. |
| 521 |
Примеч. о цел. назн. |
__ |
| a |
Примеч. о целев. назн. |
ВО - Бакалавриат |
| 650 |
Тематические рубрики |
__ |
| a |
Основная рубрика |
Науки о Земле. Экология |
| x |
Основная подрубрика |
Инженерная геология |
| 655 |
Указ. предметных рубрик (устаревшее) |
__ |
| a |
Жанр/ форма (устаревшее) |
Справочная литература |
| 700 |
Другие авторы |
__ |
| a |
Другие авторы |
Ревелис И. Л. |
| q |
Полное имя |
Ревелис Илья Львович |
| 700 |
Другие авторы |
__ |
| a |
Другие авторы |
Чернышев С. Н. |
| q |
Полное имя |
Чернышев Сергей Николаевич |
| u |
Дополнение |
Национальный исследовательский Московский государственный строительный университет |
| 856 |
Электронный адрес документа |
4_ |
| a |
Имя сервера/домена |
znanium.ru |
| m |
Помощь |
ebs_support@infra-m.ru |
| n |
Местонахождение сервера |
НИЦ ИНФРА-М |
| u |
URL |
https://znanium.ru/catalog/document?id=474360 |
| 856 |
Электронный адрес документа |
48 |
| a |
Имя сервера/домена |
znanium.ru |
| d |
Путь |
/cover/2235 |
| f |
Электронное имя |
2235900.jpg |
| q |
Тип электронного формата |
image/jpeg |
| u |
URL |
https://znanium.ru/cover/2235/2235900.jpg |
| 911 |
|
__ |
| u |
|
0030=https://znanium.ru/catalog/document?id=474360 |